000 00367nam a2200157Ia 4500
008 200103s9999||||xx |||||||||||||| ||und||
020 _a0273009567,
040 _aIMU-MPC
082 _aColumn-19
100 _aChorley, Lord and Giles, O.C.
245 0 _aShipping Law
250 _a6th Ed.
260 _bPitman Publishing
_c1976
300 _axxv, 405
942 _cBK
999 _c6396
_d6396